| 000 | 00784nam a2200253Ia 4500 | ||
|---|---|---|---|
| 003 | OSt | ||
| 005 | 20220926003913.0 | ||
| 006 | a|||||r|||| 00| 0 | ||
| 007 | ta | ||
| 008 | 220923b |||||||| |||| 00| 0 eng d | ||
| 020 |
_a9780241970058 _c467.5 |
||
| 037 |
_b5674, 30/01/2016, RAJKIRAN BOOK AGENCY _cGeneral Book |
||
| 040 |
_aRTL _cRTL _beng |
||
| 041 |
_2eng _aeng |
||
| 082 | _aX:(R4941), P6 | ||
| 100 |
_aDE BOTTON Alain _9308003 |
||
| 245 | 0 | _aArchitecture of happiness | |
| 260 |
_a New Delhi _bPenguin Books _c2006 |
||
| 300 |
_a280p _ccm. |
||
| 500 | _aBibliography chapterwise.; Note: with CD | ||
| 650 | _aCommerce | ||
| 942 |
_hX:(R4941), P6 _cGB _2CC |
||
| 999 |
_c609179 _d609179 |
||